La crítica literaria en la prensa /

Se compilan aquí artículos periodísticos de crítica literaria publicados en España a lo largo del siglo XX, muchos de ellos reflexiones en torno al mismo ejercicio de la crítica. La obra abre con un texto que perfila y da cuenta de la evolución de la crítica en los periódicos.

I tiakina i:
Ngā taipitopito rārangi puna kōrero
Kaituhi matua: Ródenas de Moya, Domingo (ed.)
Hōputu: Pukapuka
Reo:Pāniora
I whakaputaina: Madrid, España : Mare Nostrum Comunicación, 2003, c2003
Rangatū:(Estudios y Ensayos Marenostrum ; 4)
Ngā marau:
Ngā Tūtohu: Tāpirihia he Tūtohu
Kāore He Tūtohu, Me noho koe te mea tuatahi ki te tūtohu i tēnei pūkete!

MARC

LEADER 00000nam^a2200000^a^4500
001 000184979
005 20250521000000.0
009 20260310102134.045
020 |a 84-95509-60-1 
037 |a Acervo ITESO - Biblioteca 
041 |a ESP 
082 |a 809. 92  |b ROD 
100 |a Ródenas de Moya, Domingo  |e (ed.) 
245 1 3 |a La crítica literaria en la prensa /  |c Ed. de D. Ródenas de Moya. 
264 4 |a Madrid, España :  |b Mare Nostrum Comunicación,  |c 2003, c2003 
300 |a 325 p. 
336 |a texto  |b txt  |2 rdacontenido 
337 |a sin mediación  |b n  |2 rdamedio 
338 |a volumen  |b nc  |2 rdasoporte 
440 1 |a (Estudios y Ensayos Marenostrum ;  |v 4) 
520 |a Se compilan aquí artículos periodísticos de crítica literaria publicados en España a lo largo del siglo XX, muchos de ellos reflexiones en torno al mismo ejercicio de la crítica. La obra abre con un texto que perfila y da cuenta de la evolución de la crítica en los periódicos. 
649 |a XX 
650 |a Artículos Periodísticos Españoles 
650 |a Ensayos Españoles 
650 |a Periodismo -  |z España 
650 |a Literatura Española -  |x Historia y Crítica 
650 |a Literatura Española -  |y Siglo XX 
650 |a Literatura y Periodismo -  |z España -  |x Historia y Crítica 
650 |a Literatura -  |z España -  |x Historia y Crítica 
910 |a Fondo General 
920 |a Impresos - Libros 
930 |a Colección General 
940 |a Literatura 
905 |a 101 
901 |a 0500126055  |b IT1  |c LIT  |u 20250521 
902 |a https://opac.biblio.iteso.mx/vufind/Record/000184979